000 00285nam a2200097Ia 4500
005 20250424112912.0
008 250424s9999 xx 000 0 und d
300 _av. : ill. ; 28 cm.
650 _aTechnology--Nigeria--Periodicals. Technical education--Nigeria--Periodicals.
942 _cSR
999 _c37781
_d37781